Les Ministres de l'Éducation Nationale de la Ve République - Statistiques

Statistiques générales
  • Ce quiz a été pris 147 fois
    74 depuis la dernière actualisation
  • Le résultat moyen est 15 sur 36
Statistiques - réponses
Mandat Parti Ministre % Correct
2023-2024 RE Gabriel Attal
98%
2024-2025 RE Élisabeth Borne
85%
2017-2022 DVD/LREM Jean-Michel Blanquer
85%
2022-2023 DVG Pap Ndiaye
83%
2014-2016 PS Najat Vallaud-Belkacem
75%
2025- Société Civile Édouard Geffray
63%
1993-1997 UDF-CDS François Bayrou
60%
2012-2014 PS Vincent Peillon
60%
2024 RE Amélie Oudéa-Castéra
58%
2014 PS Benoît Hamon
58%
1992-1993 PS Jack Lang
55%
2000-2002 PS Jack Lang
55%
1988-1992 PS Lionel Jospin
53%
2002-2004 DVD Luc Ferry
53%
2024 DVG Nicole Belloubet
53%
1997-2000 PS Claude Allègre
50%
2024 RE Anne Genetet
48%
2004-2005 UMP François Fillon
48%
1984-1986 PS Jean-Pierre Chevènement
43%
1981-1984 PS Alain Savary
38%
2007-2009 UMP Xavier Darcos
33%
1974-1978 FNRI/UDF-PR René Haby
30%
2009-2012 UMP Luc Chatel
25%
1967-1968 UNR/UDT/UDR Alain Peyrefitte
23%
2005-2007 UDF Gilles de Robien
23%
1968-1969 UDR Edgar Faure
20%
1986-1988 UDF-CDS René Monory
20%
1962-1967 UNR/UDT Christian Fouchet
18%
1960 UNR Louis Joxe
15%
1959 SFIO André Boulloche
10%
1969-1972 UDR Olivier Guichard
10%
1968 UDR François-Xavier Ortoli
8%
1972-1974 CDP Joseph Fontanet
8%
1978-1981 UDF-PR Christian Beullac
5%
1961-1962 DVD Lucien Paye
5%
1962-1962 MRP Pierre Sudreau
3%
Aucun quiz correspondant
Distribution des résultats
% des personnes avec chaque résultat
Percentile par nombre de réponses
Votre historique - résultats
Vous n’avez pas pris ce quiz depuis la dernière actualisation